Countries of the World-Click Version - Statistics

General Stats
  • This quiz has been taken 61 times
  • The average score is 65 of 194
Answers on the Map
Answers color-coded by a green-red scale on the quiz's map according to % correct below.
 
Answer Stats
Answer % Correct
Afghanistan
94%
Albania
90%
Algeria
87%
Armenia
45%
Andorra
42%
Indonesia
42%
Finland
42%
Greece
42%
Bahamas
39%
Bangladesh
39%
Belgium
39%
Cape Verde
39%
Chad
39%
Colombia
39%
Cuba
39%
Cyprus
39%
Czech Republic
39%
Ecuador
39%
Egypt
39%
Eritrea
39%
Ethiopia
39%
France
39%
Gabon
39%
Germany
39%
Haiti
39%
India
39%
Russia
39%
Sudan
39%
Suriname
39%
Sweden
39%
Switzerland
39%
Syria
39%
Tanzania
39%
Thailand
39%
Tunisia
39%
Uganda
39%
UK
39%
Ukraine
39%
United Arab Emirates
39%
Uruguay
39%
USA
39%
Uzbekistan
39%
Venezuela
39%
Vietnam
39%
Yemen
39%
Zambia
39%
Argentina
35%
Australia
35%
Austria
35%
Belarus
35%
Belize
35%
Benin
35%
Bhutan
35%
Bolivia
35%
Brazil
35%
Cambodia
35%
Cameroon
35%
Canada
35%
Central African Republic
35%
China
35%
Croatia
35%
Denmark
35%
Djibouti
35%
Estonia
35%
Georgia
35%
Ghana
35%
Guatemala
35%
Honduras
35%
Iran
35%
Iraq
35%
Ireland
35%
Israel
35%
Jamaica
35%
Japan
35%
Jordan
35%
Kazakhstan
35%
Kenya
35%
Laos
35%
Libya
35%
Malaysia
35%
Maldives
35%
Malta
35%
Mauritania
35%
Mexico
35%
Mongolia
35%
Morocco
35%
Mozambique
35%
Myanmar
35%
Nepal
35%
New Zealand
35%
North Korea
35%
North Macedonia
35%
Norway
35%
Pakistan
35%
Panama
35%
Papua New Guinea
35%
Paraguay
35%
Philippines
35%
Poland
35%
Portugal
35%
Saudi Arabia
35%
Somalia
35%
South Africa
35%
South Korea
35%
South Sudan
35%
Spain
35%
Tajikistan
35%
Turkey
35%
Turkmenistan
35%
Zimbabwe
35%
Angola
32%
Botswana
32%
Bulgaria
32%
Burkina Faso
32%
Burundi
32%
Comoros
32%
Costa Rica
32%
Cote d'Ivoire
32%
Dominican Republic
32%
El Salvador
32%
Equatorial Guinea
32%
Guinea
32%
Guinea-Bissau
32%
Guyana
32%
Hungary
32%
Iceland
32%
Italy
32%
Kiribati
32%
Kuwait
32%
Kyrgyzstan
32%
Latvia
32%
Lebanon
32%
Lesotho
32%
Liberia
32%
Lithuania
32%
Madagascar
32%
Malawi
32%
Mali
32%
Marshall Islands
32%
Mauritius
32%
Montenegro
32%
Namibia
32%
Nicaragua
32%
Oman
32%
Palau
32%
Peru
32%
Qatar
32%
Romania
32%
Rwanda
32%
Senegal
32%
Serbia
32%
Seychelles
32%
Sierra Leone
32%
Slovenia
32%
Sri Lanka
32%
Vanuatu
32%
Algeria
29%
DR Congo
29%
Gambia
29%
Luxembourg
29%
Moldova
29%
Nauru
29%
Netherlands
29%
Niger
29%
Sao Tome and Principe
29%
Slovakia
29%
Togo
29%
Antigua and Barbuda
26%
DR Congo
26%
Eswatini
26%
Fiji
26%
Monaco
26%
Nigeria
26%
Singapore
26%
Timor-Leste
26%
Tuvalu
26%
Liechtenstein
23%
Micronesia
23%
Solomon Islands
23%
Brunei
19%
Dominica
19%
Grenada
19%
Samoa
19%
San Marino
19%
Tonga
19%
Trinidad and Tobago
19%
Bahrain
16%
Barbados
13%
St. Kitts and Nevis
13%
St. Lucia
13%
St.Vincent and the Grenadines
13%
Republic of Congo
6%
Azerbijan
0%
Bosnia and Heregovina
0%
No matching quizzes found
Score Distribution
Percent of People with Each Score
Percentile by Number Answered
Your Score History
You have not taken this quiz